| 000 | 00472nam a2200181Ia 4500 | ||
|---|---|---|---|
| 001 | 17644 | ||
| 005 | 20260306171532.0 | ||
| 008 | 260306s9999||||xx |||||||||||||| ||und|| | ||
| 041 | _aESP | ||
| 082 |
_a658.11 _bG23 |
||
| 100 |
_aGarcía González, Ana _eAUT |
||
| 245 | 0 | _aAplicación práctica de creación de empresas en las ciencias sociales | |
| 260 | _c2005 | ||
| 300 |
_a257 páginas : _c30 cm. |
||
| 650 | _aGEN | ||
| 654 | _aCAN | ||
| 942 |
_cLIB _dJUS _fJUS _2ddc _n |
||
| 999 |
_c17644 _d17644 |
||